A carregar...
Personality study of engineering,law,medical and teacher training students /
| Autor principal: | |
|---|---|
| Formato: | Printed Book |
| Idioma: | English |
| Publicado em: |
Allahabad :
United Publishers,
1969
|
| LEADER | 00491nam a2200121Ia 4500 | ||
|---|---|---|---|
| 008 | 160726s9999 xx 000 0 eng d | ||
| 082 | |a 155.2041 | ||
| 100 | |a Adaval, S B | ||
| 245 | |a Personality study of engineering,law,medical and teacher training students / |c by S B Adaval | ||
| 260 | |a Allahabad : |b United Publishers, |c 1969 | ||
| 942 | |c BK | ||
| 999 | |c 253208 |d 253208 | ||
| 952 | |0 0 |1 0 |4 0 |6 155_204100000000000_PAL |7 0 |9 281906 |a PSY |b PSY |c ST1 |d 2016-07-26 |i 975 |l 0 |o 155.2041 PAL |p PSY975 |r 2016-07-26 |w 2016-07-26 |y BK | ||